004270000a22001210004500090001700000245007500017041001400092700003500106100003000141942001300171773010400184999001700288 aASbSeriadas10aDesmidioflorula de los lagos marginales del río Amazonas en Colombia0 aEspañol1 aDonato R., John Charles9933391 aDuque, Santiago R.913847 cARTICULO1 tRevista de la Academia Colombiana de Ciencias Exactas, Fisicas y Naturales332h76q57-61d1996g20 c13996d13996